Granice międzypaństwowe w Europie - nagła śmierć - Statystyki

Ogólne statystyki
  • Ten quiz został rozwiązany 365 razy
  • Średni wynik to 9 z 20
Answers on the Grid
Answers color-coded by a green-red scale on the quiz's grid according to % correct below.
Albania i Bułgaria
Niemcy i Włochy
Austria i Słowacja
Belgia i Niemcy
Białoruś i Łotwa
Rosja i Litwa
Grecja i Turcja
Hiszpania i Włochy
Estonia i Litwa
Austria i Węgry
Irlandia i Islandia
San Marino i Watykan
Francja i Szwajcaria
Polska i Słowacja
Węgry i Serbia
Czarnogóra i Kosowo
Niemcy i Liechtenstein
Hiszpania i Andora
Dania i Niemcy
Szwecja i Rosja
Mołdawia i Rosja
Bułgaria i Kosowo
Słowenia i Włochy
Wielka Brytania i Francja
Białoruś i Polska
Chorwacja i Czarnogóra
Bośnia i Hercegowina i Serbia
Węgry i Polska
Luksemburg i Holandia
Macedonia Północna i Serbia
Dania i Norwegia
Rumunia i Ukraina
Finlandia i Estonia
Grecja i Malta
Portugalia i Hiszpania
Monako i Francja
 
Statystyki odpowiedzi
Odpowiedź % Poprawnych
Białoruś i Polska
57%
Monako i Francja
56%
Francja i Szwajcaria
54%
Hiszpania i Andora
53%
Portugalia i Hiszpania
53%
Rosja i Litwa
53%
Austria i Węgry
52%
Polska i Słowacja
52%
Dania i Niemcy
49%
Rumunia i Ukraina
48%
Słowenia i Włochy
47%
Węgry i Serbia
45%
Belgia i Niemcy
44%
Grecja i Turcja
43%
Bośnia i Hercegowina i Serbia
42%
Austria i Słowacja
41%
Czarnogóra i Kosowo
37%
Macedonia Północna i Serbia
37%
Chorwacja i Czarnogóra
36%
Białoruś i Łotwa
34%
Nie znaleziono quizów pasujących do podanych kryteriów
Rozkład punktacji
Procent ludzi z każdym wynikiem
Percentyl według liczby udzielonych odpowiedzi
Twoja historia wyników
Nie rozwiązałeś tego quizu